[Event "African Online-ch Open 2021"]
[Site "Online"]
[Date "2021.02.01"]
[Round "7.10"]
[White "Cambando, Jose"]
[Black "Beukes, Dante M"]
[Result "0-1"]
[WhiteElo "2128"]
[BlackElo "2206"]
[Annotator "TA"]
[PlyCount "96"]
[EventDate "2021.02.01"]
[EventType "swiss"]
[EventCountry "NET"]
[SourceTitle "playchess.com"]
[Source "ChessBase"]
[SourceQuality "1"]

{[%evp 13,96,7,50,0,24,-4,1,-48,-56,-64,-59,-85,-8,-5,0,-11,41,-111,-109,-100,-107,-100,-99,-118,-104,-143,-119,-120,-129,-150,-148,-212,-208,-244,-53,-323,-214,-295,-303,-304,-220,-461,-463,-696,-720,-996,-996,-1030,-1018,-957,-558,-678,-634,-684,-671,-695,-693,-687,-687,-835,-814,-956,-956,-953,-949,-962,-936,-5895,-5465,-4898,-3485,-1849,-1261,-1691,-1615,-29988,-29989,-29989,-29990,-29993,-29993,-29994,-29995,-29995,-29996]} 1. Nf3 Nf6 2. g3 g6 3. Bg2 Bg7 4. O-O O-O 5. d3 d6 6. c4 Nc6 7. Nc3 Nh5 8. h3 {A16: English Opening: 1...Nf6 with ...d5.} f5 {[#]} 9. a3 $146 ({Predecessor:} 9. e4 f4 10. g4 Nf6 11. d4 e5 12. dxe5 dxe5 13. g5 Ne8 14. Nd5 Be6 15. b3 Nd6 {½-½ (51) Schwarz,J (1909)-Garbuszus,J (2049) Lueneburg 2019}) 9... e5 10. e4 {next exf5 is good for White.The position is equal.} f4 11. g4 Nf6 12. Nd5 Ne7 (12... Nxg4 $17 13. hxg4 Bxg4) 13. d4 Nexd5 ({Reject} 13... Nxe4 $6 14. dxe5 Nc5 15. Nxc7 $1 $16 (15. Bxf4 Nxd5 16. Qxd5+ Be6 $11)) 14. cxd5 Nxe4 ({Black should try} 14... exd4 $11 15. Nxd4 Qe7) 15. Re1 $2 (15. dxe5 $14 {was the only good move.} dxe5 16. Re1) 15... Ng5 $17 16. dxe5 Nxf3+ 17. Qxf3 {With the idea e6.} Bxe5 18. a4 a5 19. Ra3 Qf6 20. Rb3 b6 21. Bf1 Qg5 22. Rc3 {[#]} (22. Bd2 $17) 22... Rf7 $1 $19 23. Bg2 Bxc3 $2 ({Black should play} 23... h5 $19 {[%cal Rh5g4]} 24. gxh5 gxh5) 24. Qxc3 $4 {[%mdl 8192] Now White is beyond hope.} (24. Re8+ $15 Rf8 25. Rxf8+ Kxf8 26. Qxc3) 24... Bb7 25. Qd3 Raf8 26. Bd2 Re7 27. Rf1 $2 (27. Rxe7 {was necessary.} Qxe7 28. Bc3) 27... h5 28. Bf3 (28. gxh5 $142 Qxh5 29. Re1 Rxe1+ 30. Bxe1) 28... Bc8 29. Bg2 hxg4 30. hxg4 Qxg4 {...f3 is the strong threat.} 31. f3 Qf5 32. Qc4 Bb7 33. Bc3 Qxd5 34. Qxd5+ Bxd5 35. Rd1 Bb3 36. Rd4 d5 37. Bd2 g5 38. Rd3 Bc4 39. Rc3 Re2 40. Bc1 Re1+ 41. Kh2 Rf7 {( -> ...Rh7+)} 42. Kh3 Rh7+ 43. Kg4 Rg1 44. b3 Rxg2+ {Black mates.} 45. Kf5 Rf7+ 46. Kg6 {[#]} g4 $1 47. fxg4 (47. Bxf4 gxf3+) 47... Rxg4+ 48. Kh5 Be2 {[%cal Rf7h7] Weighted Error Value: White=0.82/Black=0.37} 0-1

[Event "African Online-ch Open 2021"]
[Site "Online"]
[Date "2021.02.01"]
[Round "7.11"]
[White "Mosutha, Thuso"]
[Black "Meftahi, Houssem"]
[Result "0-1"]
[WhiteElo "2036"]
[BlackElo "2110"]
[Annotator "TA"]
[PlyCount "86"]
[EventDate "2021.02.01"]
[EventType "swiss"]
[EventCountry "NET"]
[SourceTitle "playchess.com"]
[Source "ChessBase"]
[SourceQuality "1"]

{[%evp 11,86,45,51,18,21,6,22,16,39,34,50,28,41,39,65,45,40,40,41,25,73,83,145,10,65,21,11,14,64,55,63,76,78,11,12,11,65,0,0,-160,0,-1,-5,-28,-26,-25,-37,-31,-41,-36,-43,-41,-41,-112,-114,-143,-148,-149,-147,-166,-167,-189,-188,-210,-206,-222,-222,-215,-178,-210,-210,-221,-221,-316,-316,-249,-248]} 1. e4 c5 2. d4 cxd4 3. c3 d3 4. Bxd3 Nc6 5. c4 d6 6. Nc3 g6 7. Nf3 {B21: Sicilian: 2 f4 and Morra Gambit.} Bg7 8. O-O Nf6 9. h3 {The position is equal.} O-O 10. Qe2 Be6 11. Rd1 {[#]} Qa5 $146 ({Predecessor:} 11... Nd7 12. Nd5 Bxd5 13. exd5 Nce5 14. Nxe5 Nxe5 15. f4 Nxd3 16. Qxd3 Rc8 17. Rb1 Qa5 {0-1 (72) Hernandez Alvarez,T (2041)-Khachatryan,A (2071) chess.com INT 2020}) 12. Nd5 Rac8 13. b4 Qd8 14. Rb1 Nd7 15. Bg5 f6 16. Be3 b6 (16... Nde5 $142) 17. Rdc1 (17. c5 $16) 17... Nde5 (17... Bf7 $11) 18. Nd4 (18. c5 {is interesting.} Nxf3+ 19. gxf3 dxc5 20. bxc5 Bxd5 21. exd5 Ne5 22. cxb6 Rxc1+ 23. Rxc1 Qd7 24. d6) 18... Nxd4 19. Bxd4 f5 20. exf5 Bxf5 21. Bxf5 Rxf5 22. Kh1 (22. Rc2 $16) 22... e6 $11 23. Ne3 Rf4 (23... Rf7 $11) 24. Rd1 (24. Bxe5 $14 Bxe5 25. Ng4) 24... Qe7 25. g3 $2 {[#]} (25. f3 $11) 25... Rf7 $2 ({Black should play} 25... Qb7+ $17 26. Ng2 Re4) 26. f4 Qb7+ 27. Qg2 Qxg2+ 28. Kxg2 Nxc4 29. Nxc4 Rxc4 30. Bxg7 {[#] Black must now prevent Ba1.} Kxg7 31. Rxd6 {[%mdl 4096] Endgame KRR-KRR} Rc2+ 32. Kf3 ({White should try} 32. Kh1 $15) 32... e5 $1 $17 ({Much worse is} 32... Rxa2 $6 33. Rxe6 Rc7 34. Rbe1 $11) 33. Re1 exf4 34. gxf4 Rxa2 35. h4 Rh2 36. Kg3 Rb2 37. Re4 Rb3+ 38. Kg2 Rc7 39. Rd2 Kh6 40. Red4 Rcc3 41. Rd7 Rg3+ 42. Kf2 (42. Kh2 $142) 42... Rbf3+ $19 43. Ke2 Rxf4 {Weighted Error Value: White=0.39/Black=0.22} 0-1

[Event "African Online-ch Open 2021"]
[Site "Online"]
[Date "2021.02.01"]
[Round "7.12"]
[White "Calicoca, Wilton Inacio"]
[Black "Likoko, Elvis"]
[Result "0-1"]
[WhiteElo "2122"]
[BlackElo "1646"]
[Annotator "TA"]
[PlyCount "168"]
[EventDate "2021.02.01"]
[EventType "swiss"]
[EventCountry "NET"]
[SourceTitle "playchess.com"]
[Source "ChessBase"]
[SourceQuality "1"]

{[%evp 13,167,35,50,39,31,18,14,0,43,-14,0,-26,12,8,34,28,43,11,18,8,12,-13,-47,-31,-38,-78,-82,-68,-16,-19,-25,-20,-2,-9,-9,-9,-10,-7,-16,-16,-8,-16,-7,-7,0,0,0,-4,0,0,0,0,0,0,0,0,0,0,0,0,0,0,47,62,63,72,135,92,220,231,218,212,363,333,469,463,377,334,484,477,367,268,284,260,239,0,0,-2,202,0,0,0,0,0,0,0,0,0,0,-633,-583,-2149,-2138,-1946,-1629,-2346,-2132,-2026,-1833,-1828,-1780,-1768,-1740,-1716,-1689,-1618,-1578,-1516,-1462,-3413,-3763,-2922,-2327,-1425,-1536,-29979,-29982,-29975,-29976,-29978,-29979,-29987,-29988,-29988,-29985,-29993,-29990,-29990,-29990,-29990,-29983,-29990,-29991,-29991,-29992,-29994,-29994,-29994,-29995,-29995,-29996,-29996,-29997,-29998,-29998,-29999]} 1. e4 c5 2. Nf3 e6 3. d4 cxd4 4. Nxd4 a6 5. c4 Nf6 6. Nc3 Qc7 7. Be2 Bb4 8. f3 {B41: Sicilian: Kan Variation: 5 c4.} Nc6 9. Nxc6 dxc6 10. O-O {The position is equal.} e5 11. Kh1 (11. Be3 $14) 11... O-O {[#]} 12. Bg5 $146 ({Predecessor:} 12. Be3 Bxc3 13. bxc3 c5 14. Rb1 Be6 15. Qa4 Rab8 16. Rb2 Rfd8 17. Rfb1 Bd7 18. Qa3 {1-0 (47) Kotlowska,A (2153)-Tarnowska,A (1833) Olsztyn 2013}) 12... Be7 13. Qc2 h6 14. Be3 Nh5 15. c5 Bg5 16. Bxg5 hxg5 17. Qd2 Nf4 18. Rfd1 Be6 19. Bf1 Rfd8 20. Qe3 f6 ({Black should try} 20... g4 $15) 21. g3 $11 Ng6 22. Be2 Kf7 23. Na4 Rxd1+ 24. Rxd1 Rd8 25. b3 Rxd1+ 26. Bxd1 Qd7 27. Be2 Qd8 28. Kg2 Qa5 29. Kf2 Nf8 30. Qd3 Qc7 31. Qc3 Nd7 32. Bc4 Nf8 33. Nb6 Qd8 34. Ke2 Bxc4+ 35. Nxc4 ({Much weaker is} 35. Qxc4+ Ne6 $17) 35... Qd7 36. Nd6+ Kg6 37. Qb4 Ne6 38. Qxb7 Nd4+ $1 39. Ke3 Qh3 40. Qf7+ Kh7 (40... Kh6 $16) 41. Ne8 $1 $18 {[%csl Ge8][%cal Rf7g7]} Qh6 42. g4 Nc2+ $2 (42... Qg6 43. Qxg6+ Kxg6) 43. Kd3 Ne1+ (43... Nd4 {was worth a try.} 44. Kc4 Nxf3) 44. Kc3 Nxf3 {intending ...a5.} 45. h3 Ng1 (45... a5 {is a better defense.} 46. Kb2 Ne1) 46. Kb4 Qg6 47. Qe7 Nxh3 48. Nd6 Nf2 49. Ka5 $2 (49. Qd7 $18) 49... Nxg4 $11 {Hoping for ...Nf2.} 50. Kxa6 {Strongly threatening b4.} Ne3 $2 {[#]} (50... Nf2 $1 $11 51. b4 Nxe4) 51. Qd7 $2 (51. b4 $1 $18 {[%cal Rb4b5] aiming for b5.} Nc2 52. b5 cxb5 53. Nf5 Nb4+ 54. Kxb5) 51... g4 52. a4 {Threatens to win with b4.} g3 53. Qh3+ Kg8 54. Qe6+ Kh7 55. Qh3+ Kg8 56. Nc8 $2 {[%mdl 8192] [#]} (56. Qe6+ $11 Kh8 57. Qh3+ Kg8) 56... Qg4 $1 $19 {[%cal Rg4h3]} 57. Ne7+ Kf7 58. Qxg4 Nxg4 59. Nxc6 {[%mdl 4096] Endgame KN-KN} g2 60. b4 g1=Q 61. a5 f5 62. Kb6 fxe4 63. a6 e3 64. a7 e2 65. a8=Q e1=Q 66. Qd8 Nf6 67. Qe7+ Kg8 68. Qe6+ Kh7 69. Qf5+ Qg6 {Black mates.} 70. Qh3+ Nh5 71. b5 Qeg3 72. Qd7 Nf6 73. Qd8 e4 74. Ne7 Nd5+ {[%mdl 64] Discovered Attack (Double check)} 75. Kb7 Nxe7 76. Qxe7 Qb3 77. b6 Qgf7 78. Qc7 e3 79. c6 e2 80. Qxf7 Qxf7+ 81. c7 e1=Q 82. Kb8 Qa5 83. Kb7 g5 84. Kc6 Qad5# {What a bad dream for White.  Weighted Error Value: White=0.58/Black=0.27} 0-1

[Event "African Online-ch Open 2021"]
[Site "Online"]
[Date "2021.02.01"]
[Round "7.13"]
[White "Alberto, Manuel"]
[Black "Joelson, Ricardo"]
[Result "0-1"]
[WhiteElo "2167"]
[BlackElo "2017"]
[Annotator "TA"]
[PlyCount "66"]
[EventDate "2021.02.01"]
[EventType "swiss"]
[EventCountry "NET"]
[SourceTitle "playchess.com"]
[Source "ChessBase"]
[SourceQuality "1"]

{[%evp 9,66,-5,43,60,45,8,45,45,86,2,12,-38,-35,-38,-15,-616,-599,-665,-661,-660,-659,-694,-691,-717,-712,-720,-717,-744,-645,-656,-663,-651,-643,-644,-637,-650,-618,-623,-615,-786,-576,-639,-575,-651,-646,-640,-640,-612,-576,-758,-761,-804,-805,-859,-795,-788,-795,-2606,-2282]} 1. e4 e5 2. Nf3 Nf6 3. d4 Nxe4 4. Bd3 d5 5. dxe5 Be6 (5... Nc5 {looks sharper.} 6. O-O Be7 7. Be3 Nxd3 8. cxd3 O-O) 6. Bxe4 {C43: Petroff Defence: 3 d4.} dxe4 7. Qxd8+ Kxd8 8. Ng5 {[#] White is slightly better.} Kd7 $146 ({Predecessor:} 8... Nc6 9. Nxe6+ fxe6 10. Bg5+ Be7 11. Bxe7+ Kxe7 12. Nc3 Nxe5 13. Nxe4 Nc4 14. O-O-O Nd6 {1-0 (55) Baum,J (1842)-Mechlinski,J (1753) Prague 2016}) 9. Nxe4 (9. O-O $16) 9... Nc6 $11 {[%cal Bb8c6,Bc6d4,Bd4c2][%mdl 32]} 10. f4 Nd4 11. Kd1 Rd8 {...Kc8 is the strong threat.} (11... Bg4+ {is more complex.} 12. Kd2 Bf5 13. c3 Nc2 14. Kxc2 Bxe4+ 15. Kb3 a5) 12. Nbd2 $2 {[%mdl 8192] This costs White the game.} (12. c3 $11 Nf5 13. g3) 12... Bg4+ $19 {Black is clearly winning.} 13. Ke1 Nxc2+ {[%mdl 64] [#] Double Attack} 14. Kf2 Nxa1 15. Ng5 Ke8 16. Nde4 h6 17. Nf3 Nc2 18. Bd2 Nd4 19. Be3 Nxf3 20. gxf3 Bf5 21. Ng3 Be6 22. Rc1 c6 23. a3 g6 24. Bxa7 Be7 25. Ke3 Bf5 26. Bb6 Rd3+ 27. Ke2 Rb3 {[%mdl 64] [#] Double Attack} 28. Bd4 h5 29. e6 Rg8 30. exf7+ Kxf7 31. Bc3 h4 32. Ne4 Re8 33. Ng5+ Bxg5+ {Weighted Error Value: White=0.64/Black=0.18} 0-1

[Event "African Online-ch Open 2021"]
[Site "Online"]
[Date "2021.02.01"]
[Round "7.14"]
[White "Gohil, Mehul"]
[Black "Simpson, Michael M"]
[Result "1-0"]
[WhiteElo "1991"]
[BlackElo "1995"]
[Annotator "TA"]
[PlyCount "61"]
[EventDate "2021.02.01"]
[EventType "swiss"]
[EventCountry "NET"]
[SourceTitle "playchess.com"]
[Source "ChessBase"]
[SourceQuality "1"]

{[%evp 9,61,66,62,54,63,63,62,71,60,52,81,65,71,85,119,90,148,123,126,122,184,155,202,202,308,152,643,635,1007,997,1002,964,1150,1112,1192,714,1377,1095,1154,738,1812,1775,2600,2386,2053,2086,29989,29990,29991,29992,29996,29997,29997,29998]} 1. d4 d5 2. c4 e5 3. dxe5 d4 4. Nf3 Nc6 5. a3 Nge7 6. b4 {D08: Albin Counter Gambit.} Ng6 7. Bb2 Ncxe5 8. Nxe5 {White is slightly better.} Nxe5 9. Bxd4 Nxc4 10. e3 Be6 11. Qc2 Nb6 12. Bd3 {[#]} Qg5 $146 (12... Be7 $142) ({Predecessor:} 12... Be7 13. Nd2 Bf6 14. Bxf6 Qxf6 15. O-O Qe7 16. Rac1 Rd8 17. Nf3 h6 18. Nd4 c6 {1-0 (25) Jodorcovsky Werjivker,P (2258)-Vargas,G (2111) Asuncion 2017}) 13. f4 ({But not} 13. Qxc7 $6 Rc8 $11) 13... Qh4+ 14. g3 Qd8 (14... Qe7 $16 {was necessary.}) 15. Nc3 c6 16. O-O Qd7 (16... Bd7 $142 17. Bxh7 Qe7) 17. Rfd1 ({Don't play} 17. Bxh7 Bh3 $18) (17. f5 $18 {is more deadly.} Bc4 18. Bxc4 Nxc4 19. Rad1) 17... Nd5 $2 {This costs Black the game.} (17... Bg4 $16) 18. f5 $18 O-O-O 19. fxe6 fxe6 20. Nxd5 Qxd5 21. Be4 Qg5 22. Rac1 {[#] Strongly threatening Bxc6!} Bd6 23. Bxa7 {Bxc6! is the strong threat.} Bc7 24. Bd4 e5 25. Bc5 h5 26. Rxd8+ Rxd8 27. b5 {[%cal Bb4b5,Bb5c6,Bc6b7][%mdl 32]} h4 28. bxc6 {White mates.} hxg3 29. cxb7+ Kb8 {[#]} 30. Ba7+ $1 {[%mdl 64] Discovered Attack, Decoy} Kxa7 31. Qa4+ {Weighted Error Value: White=0.21/Black=0.98} 1-0

[Event "African Online-ch Open 2021"]
[Site "Online"]
[Date "2021.02.01"]
[Round "7.15"]
[White "Hamzaoui, Khalil"]
[Black "Ndegwa, Jackson Kamau"]
[Result "1-0"]
[WhiteElo "1883"]
[BlackElo "2001"]
[Annotator "TA"]
[PlyCount "77"]
[EventDate "2021.02.01"]
[EventType "swiss"]
[EventCountry "NET"]
[SourceTitle "playchess.com"]
[Source "ChessBase"]
[SourceQuality "1"]

{[%evp 21,76,29,35,15,53,31,76,78,74,75,69,69,75,82,87,85,107,105,120,100,103,104,116,105,95,97,143,155,190,187,216,240,246,257,277,258,285,37,50,55,137,32,435,435,590,590,5373,731,29985,29986,29989,29990,29993,29987,29998,29999,29999]} 1. d4 d5 2. Nf3 c5 3. g3 Nc6 4. Bg2 Bf5 5. O-O e6 6. c4 Nf6 7. Nc3 Be7 8. cxd5 exd5 9. dxc5 Bxc5 10. Na4 Be7 11. Be3 O-O 12. Bc5 {[#] D34: Tarrasch Defence: 6 g3 Nf6 7 Bg2 Be7.} Nb4 $146 ({Predecessor:} 12... Rc8 13. Rc1 Re8 14. Re1 h6 15. Bxe7 Qxe7 16. Nc3 Red8 17. Qa4 Ne4 18. Nd4 Nxc3 19. Rxc3 Nxd4 20. Rxc8 Rxc8 21. Qxd4 {0-1 (50) Nill,O (2048)-Blum,G (2130) Erlangen 1997}) 13. a3 Bc2 14. Qd2 {White is better.} Bxa4 15. axb4 Bc6 16. Nd4 Bxc5 17. bxc5 Ne4 18. Qc2 Qe7 19. b4 a6 20. Nxc6 bxc6 21. Bxe4 dxe4 22. e3 Rfb8 23. Qc4 Rb5 24. Rfd1 Kf8 25. Rd4 f5 26. Rad1 Rb7 27. Rd6 Rc7 28. Re6 Qf7 {[#]} 29. Rdd6 $2 (29. Qxa6 $1 $18 {[%mdl 512]} Qxe6 (29... Rxa6 30. Rd8+) 30. Qxa8+ Rc8 31. Qb7) 29... Re7 $1 $14 {Strongly threatening ...Rae8.} 30. g4 $1 $36 {[%mdl 2048] Black is under pressure.} (30. Rxc6 $2 Rae8 $19) 30... a5 (30... Rxe6 $14 31. Qxe6 (31. Rxe6 g6 $11) 31... Qxe6 32. Rxe6 a5 33. Rxc6 a4) 31. bxa5 ({Reject} 31. Rxc6 $6 axb4 32. gxf5 Qxf5 $11) ({White has to play} 31. gxf5 $16 {Threatens to win with Qxe4.} Qxf5 32. Rxe7 Kxe7 33. Rd4 (33. Rxc6 Qg4+ 34. Kh1 Qf3+ 35. Kg1 Qg4+ 36. Kh1 Qf3+ 37. Kg1 Qg4+ $11) 33... Qg4+ 34. Kf1) 31... Rb8 $2 {[%mdl 8192] Loses the game.} ({Black should try} 31... Rxe6 $14 32. Rxe6 (32. Qxe6 Qxe6 33. Rxe6 fxg4 $11) 32... Rxa5) 32. a6 $18 h5 33. g5 h4 {[#] And now ...h3 would win.} 34. g6 Qg8 35. a7 {White mates.} Rxa7 36. Qd4 Raa8 37. Qe5 Qh8 38. Qxf5+ Kg8 39. Qf7# {Weighted Error Value: White=0.21/Black=0.62} 1-0

[Event "African Online-ch Open 2021"]
[Site "Online"]
[Date "2021.02.01"]
[Round "7.16"]
[White "Fernandes, Avelino"]
[Black "Oliveira, Luciano"]
[Result "1-0"]
[WhiteElo "1887"]
[BlackElo "2115"]
[Annotator "TA"]
[PlyCount "97"]
[EventDate "2021.02.01"]
[EventType "swiss"]
[EventCountry "NET"]
[SourceTitle "playchess.com"]
[Source "ChessBase"]
[SourceQuality "1"]

{[%evp 9,97,-8,25,16,14,-8,10,-18,-14,-15,-16,-21,-12,-24,-8,-31,-20,-33,-41,-28,-26,-54,-38,-35,-18,0,-12,-37,-13,-68,-24,-63,-57,-76,-25,-173,-173,-139,47,0,0,0,0,0,60,54,84,89,120,123,195,200,188,188,620,612,654,656,649,649,622,620,672,662,936,910,1128,1095,1304,1117,1938,1799,1649,1389,4866,4146,29978,29979,29985,29986,29988,29989,29989,29990,29990,29991,29992,29993,29998,29999]} 1. e4 c5 2. Bc4 e6 3. Nc3 Nc6 4. Nf3 Nf6 5. O-O d6 6. a3 {B30: Sicilian: 2...Nc6 3 Bb5, lines without ...g6.} Be7 7. Re1 a6 8. d3 {The position is equal.} O-O 9. Ba2 b5 10. Ne2 Bb7 11. Nf4 {[#]} Qc7 $146 ({Predecessor:} 11... Qd7 12. Ng5 Nd8 13. Nh5 g6 14. Nxf6+ Bxf6 15. Qf3 Qe7 16. Qg3 Kg7 17. h4 h6 {0-1 (50) McDonald,A (1469)-MacQueen,A (1592) Oban 2006}) 12. Bxe6 fxe6 13. Nxe6 Qd7 14. Nxf8 Rxf8 15. h3 Nh5 16. c3 Nf4 17. Bxf4 Rxf4 18. Re3 Qe6 {[%mdl 1024] Black has compensation.} 19. Qc2 (19. b4 $11) 19... Bc8 20. Rae1 Qg6 {Hoping for ...Bxh3.} 21. Nh2 Ne5 ({Better is} 21... Rf8 $17) 22. a4 (22. d4 $11 Nc4 23. Rg3) 22... Bh4 $19 23. R1e2 Bg5 $2 (23... c4 $1 $17 24. d4 Nd3 25. Rxd3 cxd3 26. Qxd3 bxa4 27. Qc4+ Be6 28. Qxa4 Bxh3) 24. Rg3 Qh5 25. axb5 axb5 26. d4 Nc4 ({Black should play} 26... Ng6 $1 $11) 27. Nf3 Be7 {[#]} 28. b3 $1 {[%cal Rb3c4]} Nb6 29. e5 Qf7 (29... Nd7 $16) 30. exd6 $18 Bxd6 {[#]} 31. Ng5 $1 $36 {[%mdl 2048] Keeping Black busy.} Qg6 (31... Qf5) 32. Ne4 Qf5 33. Nxd6 {[%mdl 64] Discovered Attack} Qxc2 34. Rxc2 cxd4 35. cxd4 Be6 36. Nxb5 Nd5 37. Nc7 Nxc7 38. Rxc7 {[%mdl 4096] Endgame KRR-KRB} g6 39. Rd3 Rf8 40. d5 Bf5 41. Rd4 Rb8 42. b4 h5 43. g4 {White mates.} hxg4 44. hxg4 Bb1 45. d6 Rd8 46. b5 Kf8 47. b6 Ke8 48. b7 Rxd6 49. b8=Q+ {[%mdl 64] Double Attack. Never resign too early!  Weighted Error Value: White=0.22/Black=0.72} 1-0

[Event "African Online-ch Open 2021"]
[Site "Online"]
[Date "2021.02.01"]
[Round "7.17"]
[White "Abdelazeez, Mohamed Abdalla"]
[Black "Khalema, Sechaba"]
[Result "1-0"]
[WhiteElo "2214"]
[BlackElo "1827"]
[Annotator "TA"]
[PlyCount "85"]
[EventDate "2021.02.01"]
[EventType "swiss"]
[EventCountry "NET"]
[SourceTitle "playchess.com"]
[Source "ChessBase"]
[SourceQuality "1"]

{[%evp 11,85,30,36,12,17,8,16,-15,7,12,50,64,99,97,101,101,109,100,106,83,93,79,155,152,152,137,147,107,220,206,193,49,52,32,17,25,15,0,90,90,90,95,89,24,154,137,145,127,118,90,304,304,301,286,267,156,155,90,155,141,251,262,203,179,189,189,200,200,200,200,408,391,341,297,12837,12041]} 1. d4 d5 2. c4 e6 3. Nf3 Nf6 4. Bg5 Be7 5. Nc3 a6 6. e3 Nbd7 7. a3 {D53: Queen's Gambit Declined: 4 Bg5 Be7: Early deviations.} dxc4 8. Bxc4 b5 9. Bd3 {The position is equal.} Bb7 10. b4 {[#]} Nb6 $146 ({Predecessor:} 10... O-O 11. Rc1 Rc8 12. h3 Nd5 13. Bxe7 Qxe7 14. Ne4 N7f6 15. Nc5 c6 16. Ne5 Qc7 {1-0 (80) Mongey,A (1652)-Krestinine,N (1403) Montigny le Bretonneux 2012}) 11. O-O Nfd5 12. Bxe7 Qxe7 13. Ne4 Nd7 14. Rc1 O-O 15. Qc2 g6 16. Ne5 Rfc8 {[#]} (16... Nxe5 $142 17. dxe5 a5) 17. Nxd7 $1 $16 Qxd7 18. Nc5 Qc6 19. Be4 Qb6 (19... a5 $16) 20. h4 a5 21. Nxb7 (21. h5 $18) 21... Qxb7 $14 22. h5 {[%cal Rh5g6]} axb4 23. axb4 {[%cal Rh5g6]} c6 24. Qc5 Qe7 (24... Kg7 $11) 25. Bxd5 $16 Qxc5 26. Rxc5 cxd5 {[%mdl 4096] Endgame KRR-KRR} 27. Rfc1 (27. Rxb5 $16 gxh5 28. Rc5) 27... Rcb8 (27... Rxc5 $11 {keeps the balance.} 28. Rxc5 (28. dxc5 gxh5 29. c6 Kf8 $15) 28... gxh5) 28. h6 Kf8 29. Rc7 Re8 30. R1c5 (30. g4 {seems wilder.} g5 31. Kg2 Re7 32. R7c5 Rea7 33. Rxb5 Ke7 34. Rb6) 30... Rab8 $2 (30... Re7 $16) 31. g4 $18 g5 32. Kg2 Re7 33. Rc8+ (33. Kg3 $18) 33... Rxc8 $16 34. Rxc8+ {KR-KR} Re8 {[#]} 35. Rc7 Re7 (35... e5 $16 {keeps fighting.}) 36. Rc5 $18 f6 37. Kg3 Kf7 38. Rxb5 Kg6 39. Rb8 Kxh6 40. b5 {[%cal Bb4b5,Bb5b6,Bb6b7][%mdl 32]} Kg7 $2 (40... e5 {is a better defense.} 41. dxe5 fxe5) 41. b6 Rd7 42. Rc8 {Threatens to win with Rc7.} ({Don't play} 42. b7 Kh6 $18) 42... Rd6 $2 (42... Kg6 43. Rb8 f5) 43. b7 {Weighted Error Value: White=0.19/Black=0.42} 1-0